00652cam a2200205 a 450000100100000000500170001000800410002704000300006808200170009810000320011524500320014726000450017930000280022449000170025250000420026965100420031165100450035365100310039883000170042900001892020200929165901.0740712s1966 sp a 000 0 spa d aDO-SdBNPbspadDLCdBNPHU a917.3bD353u1 aDelibes, Miguel,d1920-201010aUSA y yo /cMiguel Delibes. aBarcelona, (España) :bDestino,c1966. a240 p. :bil. ;c22 cm.1 aSer o no ser aIncluye notas al pie de las páginas 4aEstados UnidosxCivilizacióny1945- 4aEstados UnidosxVida Social Y Costumbres 4aEstados UnidosxReligión 0aSer o no ser